000 00821nam a22002417a 4500
003 OSt
005 20260601193858.0
008 260421b1993 ck |||| |||| 00| 0 spa d
040 _aICI
_bspa
_cICI
050 _aHD62.4
_bY5618 1993
100 _aYip, George S., |
_eautor
245 _aGlobalizacion :
_bEstrategias para obtener una ventaja competitiva internacional /
_c George s. yip ; tr., Jorge Cárdenas nannetti
264 _aBogotá, Colombia ;
_bNorma,
_c1993
300 _a331 paginas
_c22 cm.
336 _2rdacontent
_atexto
337 _2rdamedia
_asin medio
338 _2rdacarrier
_avolumen
650 _aEmpresas internacionales
_xAdministración
_933355
650 _aPlanificación estratégica
700 _aCárdenas Nannetti, Jorge,
_etraductor
700 _a Yip, George S.
942 _2lcc
_cB
999 _c22123
_d22123